Zlepšovanie kvality pomocou modifikácie 8D reportov v Coavis Slovakia s.r.o.

Uložené v:
Podrobná bibliografia
Hlavný autor: Kumančíková, Daniela (Autor)
Ďalší autori: Mesároš, Dominik (Vedúci práce)
Médium: Rukopis Kniha
Jazyk:Slovak
Vydavateľské údaje: 2016
Predmet:
On-line prístup:http://is.stuba.sk/zp/portal_zp.pl?podrobnosti=118253
Tagy: Pridať tag
Žiadne tagy, Buďte prvý, kto otaguje tento záznam!

MARC

LEADER 00000ntm a22000003a 4500
001 stuzp57659
003 SK-STU
005 20160719155325.8
007 ta
008 150427s2015----xo-----f-mn---000-0-slo-d
040 |a STU  |b slo 
041 0 |a slo 
100 1 |a Kumančíková, Daniela  |u 064000  |k Z4  |4 aut  |U MTF Materiálovotechnologická fakulta  |T MTF Ústav priemyselného inžinierstva a manažmentu  |X 45922  |U M4000  |Y 84  |7 A000045922 
242 0 1 |a The Improvement Quality System by Modification of an 8D Report in COAVIS SLOVAKIA, s. r. o., Company  |y eng 
245 1 0 |a Zlepšovanie kvality pomocou modifikácie 8D reportov v Coavis Slovakia s.r.o. 
260 |c 2016 
650 4 |a Reklamácia  |2 slo 
650 4 |a metodika 8D  |2 slo 
650 4 |a automobiloví dodávatelia  |2 slo 
650 4 |a The complaint  |2 eng 
650 4 |a 8D methodology  |2 eng 
650 4 |a Automotive suppliers  |2 eng 
700 1 |a Mesároš, Dominik  |4 ths  |X 34446  |7 34446 
856 4 |u http://is.stuba.sk/zp/portal_zp.pl?podrobnosti=118253 
996 |c M* DP-12898  |l MMSKP  |s P  |a 0  |w stuzp57659_0001 
SQL |a stuzp57659  |b DDP  |c SLO  |d Zlepšovanie kvality pomocou modifikácie 8D reportov v Coavis Slovakia s.r.o.  |e 45922  |f Kumančíková, Daniela  |g 064000  |h 34446  |i Mesároš, Dominik  |j 20160606  |k 183  |l 06  |m http://is.stuba.sk/zp/portal_zp.pl?podrobnosti=118253  |n I-IKP  |o 5.2.57. kvalita produkcie